Statistics for Geography Basics #4: US States

Click here to take the quiz!

General Stats

  • This quiz has been taken 22 times
  • The average score is 45 of 50

Answer Stats

Answer% Correct
Virginia
100%
Washington
100%
Alabama
95%
Arizona
95%
Arkansas
95%
California
95%
Florida
95%
Illinois
95%
Nebraska
95%
Nevada
95%
New Mexico
95%
New York
95%
North Carolina
95%
North Dakota
95%
Ohio
95%
Oregon
95%
South Carolina
95%
South Dakota
95%
Texas
95%
Utah
95%
Wyoming
95%
Alaska
90%
Colorado
90%
Hawaii
90%
Idaho
90%
Indiana
90%
Iowa
90%
Louisiana
90%
Maine
90%
Michigan
90%
Minnesota
90%
New Hampshire
90%
New Jersey
90%
Pennsylvania
90%
Rhode Island
90%
Tennessee
90%
Vermont
90%
West Virginia
90%
Connecticut
85%
Delaware
85%
Georgia
85%
Kentucky
85%
Maryland
85%
Massachusetts
85%
Mississippi
85%
Missouri
85%
Wisconsin
85%
Kansas
80%
Montana
80%
Oklahoma
75%

Score Distribution

Percentile by Number Answered

Percent of People with Each Score

Your Score History

You have not taken this quiz